U.S. Air Force Ranks - Statistics

General Stats
  • This quiz has been taken 76 times
  • The average score is 12 of 21
Answer Stats
Pay Grade Rank % Correct
E-2 Airman
85%
O-3 Captain
81%
O-10 General
77%
O-4 Major
77%
O-6 Colonel
71%
O-8 Major General
68%
O-7 Brigadier General
61%
O-5 Lieutenant Colonel
61%
E-3 Airman First Class
60%
O-9 Lieutenant General
60%
O-1 Second Lieutenant
58%
O-2 First Lieutenant
56%
E-5 Staff Sergeant
53%
E-4 Senior Airman
52%
E-1 Airman basic
50%
E-7 Master Sergeant
50%
E-6 Technical Sergeant
50%
E-9 Chief Master Sergeant
45%
E-9 Chief Master Sergeant of the Air Force
40%
E-8 Senior Master Sergeant
40%
E-9 Command Chief Master Sergeant
31%
No matching quizzes found
Score Distribution
Percent of People with Each Score
Percentile by Number Answered
Your Score History
You have not taken this quiz